Essence of memory /

A compilation of reviews on the latest research in memory formation.

Bibliographic Details
Corporate Authors: Essence of Memory (Conference) Montréal, Québec), ScienceDirect (Online service)
Other Authors: Sossin, Wayne S. (Editor, organizer of meeting.)
Format: Conference Proceeding eBook
Language:English
Published: Amsterdam ; Boston : Elsevier, 2008.
Edition:1st edition.
Series:Progress in brain research ; v. 169.
Subjects:
Online Access:Connect to the full text of this electronic book

MARC

Tag First Indicator Second Indicator Subfields
LEADER 00000cam a2200000 a 4500
001 in00005736331
005 20260326160720.9
006 m o d
007 cr cnu---unuuu
008 090316s2008 ne af ob 101 0 eng d
040 |a N$T  |b eng  |e pn  |c N$T  |d OCLCQ  |d YDXCP  |d IDEBK  |d E7B  |d OCLCQ  |d QCL  |d UBY  |d SFB  |d OCLCQ  |d MERUC  |d OPELS  |d OCLCQ  |d NLGGC  |d OPELS  |d OCLCF  |d CUS  |d OCLCO  |d CHVBK  |d OCL  |d OCLCO  |d OCLCQ  |d OCLCO  |d OCLCQ  |d CASUM  |d OCLCO  |d OCLCA  |d D6H  |d OCLCO  |d VT2  |d OCLCA  |d YOU  |d OCLCO  |d OCLCA  |d LEAUB  |d COM  |d OCLCO  |d OCLCQ  |d OCLCO  |d OCLCL 
016 7 |a 101479255  |2 DNLM 
019 |a 231831532  |a 243596295  |a 646763465  |a 695380889  |a 712980071  |a 1317381582  |a 1485374110 
020 |a 9780080932330  |q (electronic bk.) 
020 |a 0080932339  |q (electronic bk.) 
020 |a 0444531645  |q (electronic bk.) 
020 |a 9780444531643  |q (electronic bk.) 
035 |a (OCoLC)315856836  |z (OCoLC)231831532  |z (OCoLC)243596295  |z (OCoLC)646763465  |z (OCoLC)695380889  |z (OCoLC)712980071  |z (OCoLC)1317381582  |z (OCoLC)1485374110 
050 4 |a QP376  |b .P7eb vol.169 
060 4 |a W1  |b PR667J v.169 2008 
060 4 |a WL 102  |b E775 2008 
072 7 |a MED  |x 057000  |2 bisacsh 
072 7 |a PSY  |x 020000  |2 bisacsh 
082 0 4 |a 612.82  |2 22 
084 |a 44.90  |2 bcl 
049 |a TXAM 
111 2 |a Essence of Memory (Conference)  |d (2007 :  |c Montréal, Québec) 
245 1 0 |a Essence of memory /  |c edited by Wayne S. Sossin [and three others]. 
250 |a 1st edition. 
264 1 |a Amsterdam ;  |a Boston :  |b Elsevier,  |c 2008. 
300 |a 1 online resource (xiii, 424 pages, 17 pages of plates) :  |b illustrations (some color) 
336 |a text  |b txt  |2 rdacontent 
337 |a computer  |b c  |2 rdamedia 
338 |a online resource  |b cr  |2 rdacarrier 
490 1 |a Progress in brain research,  |x 0079-6123 ;  |v volume 169 
500 |a "The following volume stems from a meeting of the same name 'The Essence of Memory' held in Montreal from May 12 to 14, 2007 organized by the editors of this volume"--Page ix 
504 |a Includes bibliographical references and index. 
505 0 |a Front Cover; Essence of Memory; Copyright page; List of contributors; Preface; Contents; Section I. Cellular and Molecular Approaches to the Essence of memory; Section II. Systems Approaches to the Essence of Memory; Section III. Animal Approaches to the Essence of Memory; Section IV. Human Approaches to the Essence of Memory; Subject index; Color Plate Section. 
520 |a A compilation of reviews on the latest research in memory formation. 
588 0 |a Print version record. 
650 0 |a Memory  |x Physiological aspects  |v Congresses. 
650 0 |a Brain  |x Physiology  |v Congresses. 
650 0 |a Neurobiology  |v Congresses. 
650 1 2 |a Memory  |x physiology 
650 2 2 |a Brain  |x physiology 
650 6 |a Cerveau  |x Physiologie  |v Congrès. 
650 6 |a Neurobiologie  |v Congrès. 
650 7 |a MEDICAL  |x Neuroscience.  |2 bisacsh 
650 7 |a PSYCHOLOGY  |x Neuropsychology.  |2 bisacsh 
650 7 |a Brain  |x Physiology  |2 fast 
650 7 |a Memory  |x Physiological aspects  |2 fast 
650 7 |a Neurobiology  |2 fast 
655 7 |a Electronic books.  |2 local 
655 2 |a Congress 
655 7 |a proceedings (reports)  |2 aat 
655 7 |a Conference papers and proceedings  |2 fast 
655 7 |a Conference papers and proceedings.  |2 lcgft 
655 7 |a Actes de congrès.  |2 rvmgf 
700 1 |a Sossin, Wayne S.,  |e editor,  |e organizer of meeting. 
710 2 |a ScienceDirect (Online service) 
776 0 8 |i Print version:  |t Essence of memory.  |b 1st ed.  |d Amsterdam ; Boston : Elsevier, 2008  |z 9780444531643  |z 0444531645  |w (OCoLC)228180064 
830 0 |a Progress in brain research ;  |v v. 169. 
856 4 0 |u http://proxy.library.tamu.edu/login?url=https://www.sciencedirect.com/science/bookseries/00796123/169  |z Connect to the full text of this electronic book  |t 0 
955 |a Elsevier ScienceDirect 2026-2027 
994 |a 92  |b TXA 
999 f f |i af33530b-e370-4fde-8fae-fb83165e0d42  |s 0579fbc9-f94a-46b5-8704-cca322cc194e  |t 0 
952 f f |a Texas A&M University  |b College Station  |c Electronic Resources  |s www_evans  |d Available Online  |t 0  |e QP376 .P7eb vol.169  |h Library of Congress classification 
998 f f |a QP376 .P7eb vol.169  |t 0  |l Available Online